Asian Football Players by Picture - Statistics

General Stats
  • This quiz has been taken 87 times
    27 since last reset
  • The average score is 6 of 10
Answer Stats
Picture Hint Answer % Correct
Uzbekistan Abdukodir Khusanov
100%
Japan Daizen Maeda
100%
Japan Hiroki Ito
100%
Japan Kaoru Mitoma
100%
Japan Keito Nakamura
100%
Australia Mark Viduka
100%
South Korea Min-jae Kim
100%
Japan Takefusa Kubo
100%
Japan Takumi Minamino
100%
Japan Yuto Nagatomo
100%
Japan Zion Suzuki
100%
South Korea Ji-sung Park
83%
Japan Ritsu Doan
83%
Australia Mathew Ryan
80%
Australia Tim Cahill
80%
Japan Daichi Kamada
75%
South Korea Heung-min Son
75%
Iran Sardar Azmoun
75%
Japan Shinji Okazaki
75%
Japan Takehiro Tomiyasu
75%
Japan Keisuke Honda
67%
Japan Kyogo Furuhashi
67%
Japan Yukinari Sugawara
67%
Uzbekistan Eldor Shomurodov
60%
Australia Harry Souttar
60%
South Korea Hee-chan Hwang
60%
Iran Alireza Jahanbakhsh
50%
Japan Hidemasa Morita
50%
Japan Hidetoshi Nakata
50%
Japan Ko Itakura
50%
Syria Mahmoud Dahoud
50%
Iran Mehdi Taremi
50%
Japan Shinji Kagawa
43%
South Korea Kang-in Lee
40%
Japan Ao Tanaka
33%
Bangladesh Hamza Choudhury
33%
Japan Junya Ito
33%
China Lei Wu
33%
Japan Shoya Nakajima
33%
Japan Yoshinori Muto
33%
Australia Aaron Mooy
25%
Indonesia Mees Hilgers
25%
South Korea In-beom Hwang
20%
Indonesia Emil Audero
0%
Australia Harry Kewell
0%
Japan Hiroshi Kiyotake
0%
Japan Kaishu Sano
0%
Japan Koki Machida
0%
Japan Reo Hatate
0%
South Korea Sung-yueng Ki
0%
Japan Wataru Endo
0%
Japan Yuito Suzuki
0%
No matching quizzes found
Score Distribution
Percent of People with Each Score
Percentile by Number Answered
Your Score History
You have not taken this quiz since the last reset